| 000 | 00546nam a2200217 a 4500 | ||
|---|---|---|---|
| 999 |
_c6004 _d6004 |
||
| 001 | 6004 | ||
| 003 | BD-JhCC | ||
| 005 | 20171231175410.0 | ||
| 008 | 171231s1963 bg a|||| ||a| 001 0 eng d | ||
| 035 | _a(BD-JhCC)6004 | ||
| 040 |
_aBD-JhCC _dBD-JhCC |
||
| 041 | _aeng | ||
| 082 |
_a428.6 _bRID 1963 |
||
| 100 | _aRidout, Ronald | ||
| 245 |
_aTo Please You / _cRonald Ridout |
||
| 260 |
_aLondon : _bHeniemann Educational Books Limited, _c1963. |
||
| 300 |
_a153 p. : _c20 cm. |
||
| 650 | _aEnglish Lanuage | ||
| 942 |
_2ddc _cBK |
||